00439nam a22001577a 4500003000400000008004100004082001900045100001900064245006700083250000800150260005300158300001300211650002000224650002000244700001700264OSt240229b1992 |||||||| |||| 00| 0 eng d a658.403bMCN-D aMcnamee, Peter aDecision analysis with supertree /cPeter Mcnamee john celona. a2nd aCalifornia :bStrategic Decisions Group ,c1992. a324 p. ; aDecision Making aProblem-solving aCelona, John